[Event "EU-chT Seniors 12th"]
[Site "Dresden"]
[Date "2010.02.15"]
[Round "6"]
[White "Saharinen, Petri"]
[Black "Monte, Peter"]
[Result "1/2-1/2"]
[WhiteElo "1857"]
[BlackElo "2102"]
[PlyCount "71"]
[EventDate "2010.02.10"]
[EventType "team-swiss"]
[EventRounds "9"]
[EventCountry "GER"]
[SourceTitle "CBM 134 Extra"]
[Source "ChessBase"]
[SourceDate "2010.03.03"]
[SourceVersion "1"]
[SourceVersionDate "2010.03.03"]
[SourceQuality "1"]
[WhiteTeam "Helsinki (Seniors)"]
[BlackTeam "Den Haag (Seniors)"]
[WhiteTeamCountry "FIN"]
[BlackTeamCountry "NED"]

1. d4 f5 2. Nf3 Nf6 3. g3 e6 4. Bg2 Be7 5. 0-0 0-0 6. c4 d6 7. Nc3 Qe8 8. b3 Bd8 9. Qc2 Nc6 10. Ba3 a5 11. Rad1 Nb4 12. Qb1 e5 13. dxe5 dxe5 14. e4 Qh5 15. Nh4 fxe4 16. Nxe4 Nxe4 17. Qxe4 Bxh4 18. gxh4 c6 19. Bc1 Bg4 20. f3 Bf5 21. Qxe5 Qxh4 22. Bb2 Rf7 23. Rd4 Qe7 24. Qg3 Re8 25. Rfd1 Rf6 26. Qg5 Qc5 27. Kh1 Rg6 28. Qd2 Rge6 29. Rd8 Qe7 30. Rxe8+ Qxe8 31. Qg5 Qg6 32. Rd8+ Kf7 33. Rd7+ Kf8 34. Rd8+ Kf7 35. Rd7+ Kf8 36. Rd8+ 1/2-1/2

[Event "EU-chT Seniors 12th"]
[Site "Dresden"]
[Date "2010.02.13"]
[Round "4"]
[White "Monte, Peter"]
[Black "Kratschmer, Heinz"]
[Result "1/2-1/2"]
[WhiteElo "2102"]
[BlackElo "2160"]
[PlyCount "120"]
[EventDate "2010.02.10"]
[EventType "team-swiss"]
[EventRounds "9"]
[EventCountry "GER"]
[SourceTitle "CBM 134 Extra"]
[Source "ChessBase"]
[SourceDate "2010.03.03"]
[SourceVersion "1"]
[SourceVersionDate "2010.03.03"]
[SourceQuality "1"]
[WhiteTeam "Den Haag (Seniors)"]
[BlackTeam "Steiermark (Seniors)"]
[WhiteTeamCountry "NED"]
[BlackTeamCountry "AUT"]

1. f4 c5 2. Nf3 Nc6 3. e3 g6 4. Be2 Bg7 5. 0-0 d5 6. d3 Nf6 7. Qe1 0-0 8. a4 Bg4 9. Qh4 e5 10. fxe5 Bxf3 11. Bxf3 Nxe5 12. Nc3 Nxf3+ 13. Rxf3 d4 14. Nd1 Nd5 15. Qxd8 Raxd8 16. e4 Nb4 17. Rf2 f5 18. exf5 Rde8 19. Kf1 Rxf5 20. Rxf5 gxf5 21. Bd2 Nxc2 22. Rc1 Ne3+ 23. Bxe3 dxe3 24. Ke2 b6 25. Rc4 Bd4 26. b4 Kf7 27. bxc5 bxc5 28. Rc2 Ke6 29. Kf3 Kd5 30. g3 e2 31. Rxe2 Rxe2 32. Kxe2 c4 33. Kd2 Bg1 34. h3 h5 35. Nc3+ Kc5 36. Ne2 Bf2 37. dxc4 Kxc4 38. Nf4 Bxg3 39. Nxh5 Be5 40. Ke3 Kb4 41. Nf4 Kxa4 42. Nd3 Bd6 43. h4 Be7 44. h5 Bg5+ 45. Kd4 a5 46. Ke5 Kb3 47. Kxf5 Be3 48. Ke4 Bh6 49. Kd5 Bf8 50. Nc5+ Kb4 51. Ne6 Bh6 52. Nc5 Be3 53. Nd3+ Kb5 54. Ke4 Bh6 55. Kd4 Bg7+ 56. Ke3 a4 57. Kd2 a3 58. Nc1 Kc4 59. Ke2 Bh6 60. Na2 Bg7 1/2-1/2

[Event "EU-chT Seniors 09th"]
[Site "Dresden"]
[Date "2007.02.17"]
[Round "2"]
[White "Mueller, Siegmar"]
[Black "Monte, Peter"]
[Result "1/2-1/2"]
[WhiteElo "2035"]
[BlackElo "2101"]
[PlyCount "96"]
[EventDate "2007.02.16"]
[EventType "team-swiss"]
[EventRounds "9"]
[EventCountry "GER"]
[SourceTitle "CBM 117 Extra"]
[Source "ChessBase"]
[SourceDate "2007.05.09"]
[SourceVersion "1"]
[SourceVersionDate "2007.05.09"]
[SourceQuality "1"]

1. Nc3 d5 2. e4 e6 3. exd5 exd5 4. d4 Bb4 5. Nf3 Ne7 6. Be2 Nbc6 7. 0-0 0-0 8. a3 Bxc3 9. bxc3 Nf5 10. Bg5 f6 11. Bf4 Be6 12. Rb1 b6 13. Re1 Bf7 14. Bb5 Na5 15. Qd2 Nd6 16. Bxd6 Qxd6 17. a4 c6 18. Ba6 Rae8 19. Nh4 g6 20. Qh6 Rxe1+ 21. Rxe1 Re8 22. Rxe8+ Bxe8 23. Bd3 Qe7 24. Nf3 c5 25. Bb5 Bxb5 26. axb5 Nc4 27. h4 Nd6 28. dxc5 bxc5 29. Qf4 Kg7 30. Qd2 Qb7 31. Qe3 Qxb5 32. Qe7+ Nf7 33. Qxa7 Qc4 34. Qa5 h5 35. Qa3 g5 36. hxg5 fxg5 37. Qb3 Qe4 38. Qb7 Qf5 39. Qc7 g4 40. Nh4 Qg5 41. g3 c4 42. Kg2 Qf6 43. Qd7 Qe5 44. Nf5+ Kf6 45. Ne3 Nd6 46. Qd8+ Kf7 47. Qd7+ Kf6 48. Qd8+ Kf7 1/2-1/2

[Event "EU-chT Seniors 08th"]
[Site "Dresden"]
[Date "2006.02.21"]
[Round "5"]
[White "Monte, Peter"]
[Black "Wheeler, John Francis"]
[Result "0-1"]
[WhiteElo "2117"]
[BlackElo "2187"]
[PlyCount "88"]
[EventDate "2006.02.17"]
[EventType "team-swiss"]
[EventRounds "8"]
[EventCountry "GER"]
[SourceTitle "CBM 111 Extra"]
[Source "ChessBase"]
[SourceDate "2006.05.09"]
[SourceVersion "1"]
[SourceVersionDate "2006.05.09"]
[SourceQuality "1"]
[WhiteTeam "Oranje"]
[BlackTeam "Great Britain"]
[WhiteTeamCountry "NED"]
[BlackTeamCountry "GBR"]

1. e4 e5 2. f4 exf4 3. Nf3 d5 4. exd5 Nf6 5. Nc3 Be7 6. d4 Nxd5 7. Nxd5 Qxd5 8. Be2 0-0 9. Bxf4 c5 10. 0-0 cxd4 11. Ne5 Bf6 12. Bc4 Qc5 13. Qd3 Bxe5 14. Bxe5 Qxe5 15. Rae1 Qd6 16. Rxf7 Kh8 17. Re4 Rxf7 18. Bxf7 Bd7 19. Rxd4 Qe7 20. Rf4 Nc6 21. Bb3 Be6 22. c4 Rd8 23. Qe3 Qd7 24. h3 Nd4 25. Re4 h6 26. Kh1 Nxb3 27. Rxe6 Na5 28. c5 Nc6 29. a3 Qf7 30. b4 a6 31. Qe4 Rf8 32. Rd6 Re8 33. Qh4 Qe7 34. Qh5 Qe1+ 35. Kh2 Qe5+ 36. Qxe5 Rxe5 37. Rd3 Kg8 38. Kg3 Kf7 39. Kf4 g5+ 40. Kg3 Ke7 41. Rb3 Nd4 42. Rd3 Re4 43. Kf2 Ke6 44. g3 Kd5 0-1

[Event "EU-chT Seniors 08th"]
[Site "Dresden"]
[Date "2006.02.20"]
[Round "4"]
[White "Hohler, Peter"]
[Black "Monte, Peter"]
[Result "1/2-1/2"]
[WhiteElo "2183"]
[BlackElo "2117"]
[PlyCount "94"]
[EventDate "2006.02.17"]
[EventType "team-swiss"]
[EventRounds "8"]
[EventCountry "GER"]
[SourceTitle "CBM 111 Extra"]
[Source "ChessBase"]
[SourceDate "2006.05.09"]
[SourceVersion "1"]
[SourceVersionDate "2006.05.09"]
[SourceQuality "1"]
[WhiteTeam "Switzerland"]
[BlackTeam "Oranje"]
[WhiteTeamCountry "SUI"]
[BlackTeamCountry "NED"]

1. Nf3 e6 2. d4 f5 3. Bg5 Be7 4. Bxe7 Qxe7 5. Nbd2 Nf6 6. e3 d6 7. Bd3 e5 8. dxe5 dxe5 9. Bc4 Nc6 10. a3 Bd7 11. Qe2 0-0-0 12. 0-0-0 Be8 13. Bb5 Nb8 14. Bxe8 Rhxe8 15. h3 Nc6 16. Nb3 Ne4 17. Nfd2 Ng5 18. Nf3 Nf7 19. Rxd8+ Rxd8 20. Rd1 Rxd1+ 21. Qxd1 Nfd8 22. Qd5 Qe6 23. Qd2 Qd6 24. Qe2 Ne6 25. Nfd2 g6 26. g3 b6 27. Qa6+ Kb8 28. Qc4 e4 29. Qc3 Ne5 30. Nc4 Nxc4 31. Qxc4 Kb7 32. Qc3 Ng5 33. h4 Nf3 34. Nd2 Qxd2+ 35. Qxd2 Nxd2 36. Kxd2 Kc6 37. c4 Kd6 38. b4 c6 39. Kc3 a6 40. a4 c5 41. b5 axb5 42. axb5 Ke5 43. Kd2 h6 44. Ke2 g5 45. hxg5 hxg5 46. Kf1 f4 47. g4 f3 1/2-1/2

[Event "EU-chT Seniors 06th"]
[Site "Dresden"]
[Date "2004.02.28"]
[Round "7.4"]
[White "Koksch, Guenther"]
[Black "Monte, Peter"]
[Result "0-1"]
[WhiteElo "2136"]
[BlackElo "2128"]
[PlyCount "130"]
[EventDate "2004.02.22"]
[EventType "team-swiss"]
[EventRounds "7"]
[EventCountry "GER"]
[SourceTitle "CBM 099 Extra"]
[Source "ChessBase"]
[SourceDate "2004.05.04"]
[SourceVersion "1"]
[SourceVersionDate "2004.05.04"]
[SourceQuality "1"]
[WhiteTeam "DB/BSW"]
[BlackTeam "Oranje"]
[WhiteTeamCountry "GER"]
[BlackTeamCountry "NED"]

1. d4 e6 2. Nf3 f5 3. d5 Be7 4. dxe6 dxe6 5. Qxd8+ Bxd8 6. Bf4 Nf6 7. c4 Na6 8. Nc3 c6 9. g3 Nc5 10. Bg2 Nfe4 11. Nxe4 Nxe4 12. 0-0 Bf6 13. Be5 Bd7 14. b4 0-0-0 15. Rfd1 c5 16. b5 Nc3 17. Rd2 Be8 18. Rxd8+ Kxd8 19. Kf1 Bf7 20. Rc1 Ne4 21. a4 Ke7 22. Bxf6+ gxf6 23. Rd1 b6 24. Ke1 Rd8 25. Ra1 Nd6 26. Nd2 e5 27. Rc1 Be6 28. e3 Nf7 29. Ke2 e4 30. f3 exf3+ 31. Nxf3 Ne5 32. Nd2 Rd3 33. Ra1 Rc3 34. a5 Nxc4 35. axb6 axb6 36. Ra7+ Kd6 37. Nxc4+ Bxc4+ 38. Kd2 Rd3+ 39. Kc2 Rxe3 40. Rxh7 Bxb5 41. Bb7 Re7 42. Rxe7 Kxe7 43. h4 Be2 44. Kd2 Bg4 45. Ba6 Ke6 46. Ke3 Ke5 47. Bc4 Bh5 48. Bb5 Bf7 49. Be2 c4 50. h5 b5 51. h6 Bg8 52. Bh5 Bh7 53. Bf7 c3 54. Bb3 b4 55. Bc2 Bg6 56. Bb3 Bh7 57. Bc2 Kd5 58. Bb3+ Kc5 59. Kf4 Kd4 60. Bc2 b3 61. Bxb3 Kd3 62. Be6 c2 63. Bxf5+ Bxf5 64. Kxf5 c1Q 65. h7 Qh6 0-1

[Event "EU-chT Seniors 06th"]
[Site "Dresden"]
[Date "2004.02.27"]
[Round "6.4"]
[White "Baumbach, Friedrich"]
[Black "Monte, Peter"]
[Result "1-0"]
[WhiteElo "2300"]
[BlackElo "2128"]
[PlyCount "65"]
[EventDate "2004.02.22"]
[EventType "team-swiss"]
[EventRounds "7"]
[EventCountry "GER"]
[SourceTitle "CBM 099 Extra"]
[Source "ChessBase"]
[SourceDate "2004.05.04"]
[SourceVersion "1"]
[SourceVersionDate "2004.05.04"]
[SourceQuality "1"]
[WhiteTeam "Berlin"]
[BlackTeam "Oranje"]
[WhiteTeamCountry "GER"]
[BlackTeamCountry "NED"]

1. d4 e6 2. Nf3 f5 3. g3 Nf6 4. Bg2 Be7 5. 0-0 0-0 6. c4 d6 7. Nc3 Qe8 8. b3 a5 9. Qc2 Nc6 10. e4 fxe4 11. Nxe4 e5 12. dxe5 dxe5 13. Bb2 Qh5 14. Rfe1 Bg4 15. Nxf6+ Bxf6 16. Nd2 Nb4 17. Qb1 Rad8 18. Ne4 Nd3 19. Re3 Nf4 20. Nxf6+ gxf6 21. gxf4 Rd1+ 22. Qxd1 Bxd1 23. fxe5 f5 24. Bd5+ Kg7 25. e6+ Kh6 26. e7 Re8 27. Re6+ Kg5 28. Bc1+ Kg4 29. Bd2 c6 30. Rh6 Qxh6 31. Bxh6 cxd5 32. Rxd1 Rxe7 33. cxd5 1-0

[Event "EU-chT Seniors 05th"]
[Site "Dresden"]
[Date "2003.03.01"]
[Round "7.4"]
[White "Krueger, Erich"]
[Black "Monte, Peter"]
[Result "1-0"]
[WhiteElo "2234"]
[BlackElo "2114"]
[PlyCount "79"]
[EventDate "2003.02.23"]
[EventType "team-swiss"]
[EventRounds "7"]
[EventCountry "GER"]
[SourceTitle "EXT 2005"]
[Source "ChessBase"]
[SourceDate "2004.11.15"]
[SourceVersion "1"]
[SourceVersionDate "2004.11.15"]
[SourceQuality "1"]

1. d4 e6 2. Nf3 f5 3. g3 Nf6 4. Bg2 Be7 5. 0-0 0-0 6. c4 Ne4 7. Nbd2 d5 8. Ne5 c5 9. cxd5 exd5 10. dxc5 Na6 11. c6 Bf6 12. Nxe4 fxe4 13. Nd7 bxc6 14. Nxf8 Qxf8 15. Qa4 Qe8 16. Rb1 Nc5 17. Qa5 Nb7 18. Qd2 Nd6 19. b3 Bf5 20. e3 Nf7 21. Bb2 Ne5 22. Bxe5 Bxe5 23. Rbc1 Rd8 24. Qc2 Rd6 25. Qc5 Qd7 26. f3 exf3 27. Rxf3 Rf6 28. g4 Bd6 29. Qc3 Be4 30. Rxf6 gxf6 31. Bxe4 dxe4 32. Qc4+ Kg7 33. Kh1 Be5 34. Qc2 Kh6 35. Qg2 Qd3 36. g5+ Kh5 37. Qh3+ Kg6 38. Qh6+ Kf5 39. Qxh7+ Kg4 40. Rg1+ 1-0

[Event "Brasschaat op 02nd"]
[Site "Brasschaat"]
[Date "2002.08.??"]
[Round "6"]
[White "Draftian, Ashote"]
[Black "Monte, Peter"]
[Result "1-0"]
[WhiteElo "2298"]
[BlackElo "2041"]
[PlyCount "79"]
[EventDate "2002.08.??"]
[EventType "swiss"]
[EventRounds "7"]
[EventCountry "BEL"]
[SourceTitle "EXT 2005"]
[Source "ChessBase"]
[SourceDate "2004.11.15"]
[SourceVersion "1"]
[SourceVersionDate "2004.11.15"]
[SourceQuality "1"]

1. e4 e6 2. b3 Nf6 3. e5 Nd5 4. c4 Nb6 5. Bb2 d6 6. exd6 cxd6 7. Nf3 N8d7 8. Bd3 Nf6 9. Nc3 Be7 10. Qe2 Bd7 11. a4 a5 12. Nb5 Bc6 13. 0-0 0-0 14. Rae1 Nbd7 15. Ng5 e5 16. f4 h6 17. Nh3 e4 18. Bc2 Re8 19. Kh1 Nc5 20. Nd4 Qd7 21. Nf2 d5 22. cxd5 Bxd5 23. Qd1 Bd8 24. Re3 Bb6 25. Qa1 Rad8 26. Rh3 Nd3 27. Bxd3 exd3 28. Nf3 Bxf2 29. Rxf2 Re2 30. Rf1 Ng4 31. Bxg7 Nf2+ 32. Rxf2 Rxf2 33. Bxh6 Rxg2 34. Kxg2 Bxf3+ 35. Rxf3 Qd4 36. Qxd4 Rxd4 37. Kf2 f5 38. Bg5 Kf7 39. h4 Kg6 40. Ke3 1-0

[Event "Antwerp Chess Event"]
[Site "Deurne"]
[Date "2000.08.24"]
[Round "5"]
[White "Ooms, Andy"]
[Black "Monte, Peter"]
[Result "1/2-1/2"]
[WhiteElo "2112"]
[BlackElo "2116"]
[PlyCount "76"]
[EventDate "2000.08.19"]
[EventType "swiss"]
[EventRounds "7"]
[EventCountry "BEL"]
[SourceTitle "EXT 2001"]
[Source "ChessBase"]
[SourceDate "2000.11.22"]
[SourceVersion "1"]
[SourceVersionDate "2000.11.22"]
[SourceQuality "1"]

1. d4 e6 2. e4 d5 3. Nd2 c5 4. Ngf3 Nf6 5. exd5 exd5 6. Bb5+ Bd7 7. Qe2+ Be7 8. 0-0 0-0 9. dxc5 Re8 10. Nb3 Bxc5 11. Qd3 Bb6 12. Bg5 Nc6 13. c3 a6 14. Bxc6 bxc6 15. Rfe1 a5 16. Rxe8+ Bxe8 17. Qf5 Qd7 18. Qxd7 Nxd7 19. Re1 a4 20. Nbd4 Nc5 21. Be3 Nd3 22. Re2 Bc7 23. Ne1 Nxe1 24. Rxe1 Rb8 25. Re2 g6 26. Bc1 Bd6 27. b4 axb3 28. axb3 c5 29. Nc2 Bd7 30. b4 cxb4 31. Nxb4 Be6 32. Be3 Rc8 33. Na2 f6 34. Bd4 Kf7 35. Rb2 Rc7 36. f3 Be5 37. g3 g5 38. Kf2 Bxd4+ 1/2-1/2

[Event "Bruges op"]
[Site "Bruges"]
[Date "1997.??.??"]
[Round "2"]
[White "Timmerman, Gert Jan"]
[Black "Monte, Peter"]
[Result "1-0"]
[WhiteElo "2310"]
[BlackElo "2120"]
[PlyCount "80"]
[EventDate "1997.??.??"]
[EventType "swiss"]
[EventRounds "9"]
[EventCountry "BEL"]
[SourceTitle "EXT 2000"]
[Source "ChessBase"]
[SourceDate "1999.11.16"]
[SourceVersion "1"]
[SourceVersionDate "1999.11.16"]
[SourceQuality "1"]

1. e4 e6 2. d4 d5 3. Nc3 Bb4 4. e5 c5 5. a3 Bxc3+ 6. bxc3 Qc7 7. Qg4 f5 8. Qg3 Nc6 9. Nf3 cxd4 10. cxd4 Nge7 11. Bd2 0-0 12. Bd3 Bd7 13. 0-0 Rac8 14. Rfb1 Be8 15. Qh3 Bg6 16. a4 Qd7 17. a5 Rc7 18. Bc1 Re8 19. Ba3 Nc8 20. Bc5 h6 21. Qg3 Qf7 22. Nd2 Bh5 23. Nb3 b6 24. axb6 axb6 25. Ba3 f4 26. Qh3 Bg6 27. c3 N6e7 28. Bd6 Bxd3 29. Qxd3 Rc6 30. Bb4 Nf5 31. Ra8 Qg6 32. Nd2 Kh7 33. Rba1 Rc7 34. Rb8 Nh4 35. Qxg6+ Kxg6 36. Raa8 Kf7 37. Nb1 Nf5 38. Kf1 Rc6 39. Na3 g5 40. Nb5 Ng7 1-0

[Event "Donner Memorial op"]
[Site "Amsterdam"]
[Date "1995.??.??"]
[Round "1"]
[White "Berkovich, Mark A"]
[Black "Monte, Peter"]
[Result "1-0"]
[WhiteElo "2380"]
[BlackElo "2140"]
[PlyCount "49"]
[EventDate "1995.08.??"]
[EventType "swiss"]
[EventRounds "11"]
[EventCountry "NED"]
[SourceTitle "EXT 1997"]
[Source "ChessBase"]
[SourceDate "1996.11.15"]
[SourceVersion "1"]
[SourceVersionDate "1996.11.15"]
[SourceQuality "1"]

1. g3 e6 2. Bg2 f5 3. c4 Nf6 4. Nf3 d6 5. 0-0 Be7 6. d4 0-0 7. Nc3 Qe8 8. Re1 Ne4 9. Qc2 Qg6 10. Be3 Nxc3 11. Qxc3 Nc6 12. d5 Nd8 13. dxe6 Nxe6 14. Nd4 Bf6 15. Qd2 f4 16. Nxe6 Bxe6 17. Bxf4 c6 18. Bxd6 Rad8 19. c5 Rf7 20. e4 Qh5 21. e5 Be7 22. Qe2 Bg4 23. f3 Bxd6 24. cxd6 Be6 25. f4 1-0

[Event "Vlissingen op"]
[Site "Vlissingen"]
[Date "1995.??.??"]
[Round "6"]
[White "Monte, Peter"]
[Black "Carlier, Bruno"]
[Result "0-1"]
[WhiteElo "2190"]
[BlackElo "2350"]
[PlyCount "90"]
[EventDate "1995.??.??"]
[EventType "swiss"]
[EventRounds "7"]
[EventCountry "NED"]
[SourceTitle "EXT 2000"]
[Source "ChessBase"]
[SourceDate "1999.11.16"]
[SourceVersion "1"]
[SourceVersionDate "1999.11.16"]
[SourceQuality "1"]

1. f4 g6 2. Nf3 Bg7 3. d3 d5 4. g3 c5 5. Bg2 Nc6 6. 0-0 e6 7. c3 Nge7 8. Na3 0-0 9. Qe1 d4 10. Nc2 Rb8 11. c4 b5 12. b3 h5 13. h3 bxc4 14. bxc4 e5 15. Ng5 exf4 16. Bxf4 Ne5 17. g4 f6 18. Bxe5 fxe5 19. Qh4 Rb6 20. Rxf8+ Qxf8 21. Rf1 Rf6 22. Ne4 Rxf1+ 23. Bxf1 hxg4 24. hxg4 Nc6 25. Bg2 Bd7 26. Ng5 Bh6 27. Bd5+ Kg7 28. Bxc6 Qe7 29. Bxd7 Bxg5 30. Qh1 Qxd7 31. Qe4 Bf4 32. Qg2 Qa4 33. Qb7+ Kf6 34. Qb1 Qd7 35. Kf2 Qxg4 36. Qh1 Be3+ 37. Kf1 e4 38. Qh8+ Kg5 39. Qd8+ Kh5 40. Nxe3 Qf4+ 41. Kg2 dxe3 42. Qd5+ Qg5+ 43. Kf1 Qxd5 44. cxd5 exd3 45. exd3 Kg5 0-1

[Event "NED-ch50 sf"]
[Site "Enschede"]
[Date "1994.10.30"]
[Round "3"]
[White "Kuipers, Eelco"]
[Black "Monte, Peter"]
[Result "1-0"]
[WhiteElo "2035"]
[BlackElo "2190"]
[PlyCount "75"]
[EventDate "1994.10.28"]
[EventType "swiss"]
[EventRounds "9"]
[EventCountry "NED"]
[SourceTitle "EXT 2003"]
[Source "ChessBase"]
[SourceDate "2002.11.25"]
[SourceVersion "1"]
[SourceVersionDate "2002.11.25"]
[SourceQuality "1"]

1. e4 e6 2. d3 d5 3. Nd2 g6 4. g3 Bg7 5. Bg2 Ne7 6. Ngf3 0-0 7. 0-0 c5 8. Re1 Nbc6 9. Qe2 b6 10. e5 Qc7 11. Nf1 h6 12. h4 a5 13. Bf4 Kh7 14. N1h2 Ng8 15. Ng4 Qe7 16. Qd2 Nd4 17. Nxd4 cxd4 18. c3 dxc3 19. bxc3 h5 20. Nh2 Qc7 21. c4 Bb7 22. cxd5 Bxd5 23. Bxd5 exd5 24. Nf3 Qb7 25. Rac1 Rac8 26. Ng5+ Kh8 27. e6 Rxc1 28. Rxc1 f6 29. Rc7 Qa8 30. Qc3 Re8 31. Nf7+ Kh7 32. Ng5+ Kh8 33. Nf7+ Kh7 34. Bd6 b5 35. Ng5+ Kh8 36. Rxg7 Kxg7 37. Qc7+ Ne7 38. Bxe7 1-0

[Event "NED-ch50 sf"]
[Site "Enschede"]
[Date "1994.10.28"]
[Round "1"]
[White "Monte, Peter"]
[Black "Martens, Martin"]
[Result "0-1"]
[WhiteElo "2190"]
[BlackElo "2415"]
[PlyCount "58"]
[EventDate "1994.10.28"]
[EventType "swiss"]
[EventRounds "9"]
[EventCountry "NED"]
[SourceTitle "EXT 2003"]
[Source "ChessBase"]
[SourceDate "2002.11.25"]
[SourceVersion "1"]
[SourceVersionDate "2002.11.25"]
[SourceQuality "1"]

1. e4 c5 2. g3 Nc6 3. Bg2 g6 4. f4 Bg7 5. Nf3 d5 6. exd5 Qxd5 7. 0-0 Nf6 8. d3 0-0 9. Nbd2 Qh5 10. Nc4 Bh3 11. a4 Rfd8 12. Re1 Bxg2 13. Kxg2 Qd5 14. Be3 b6 15. Bg1 e6 16. h3 Rab8 17. g4 h5 18. Ne3 Qd7 19. Bh2 hxg4 20. hxg4 Nd5 21. Nc4 Rbc8 22. Ng5 Nf6 23. f5 Qd5+ 24. Kh3 exf5 25. Ne3 fxg4+ 26. Kh4 Qd7 27. Rf1 Nd4 28. Nxg4 Nf5+ 29. Rxf5 Qxf5 0-1